| 000 | 00945nam a2200229Ia 4500 | ||
|---|---|---|---|
| 001 | 22109 | ||
| 005 | 20260416153932.0 | ||
| 008 | 260320s9999||||xx |||||||||||||| ||und|| | ||
| 020 | _a9786123226565 | ||
| 041 | _aESP | ||
| 082 |
_a657.61 _bF43A |
||
| 100 |
_aFerrer Quea, Alejandro, _eAUT |
||
| 245 | 0 | _aAnálisis y aplicación del PCGE modificado concordado con las NIIF | |
| 250 | _aPrimera edición | ||
| 260 |
_aLima : _bInstituto Pacífico, _c2026 |
||
| 300 |
_a863 páginas : _bcuadros ; _c25 cm. |
||
| 650 | _aTCA | ||
| 653 | _aContabilidad; Estados financieros; Plan contable general; Normas Internacionales de Información Financiera (NIIF) | ||
| 654 | _aCCO | ||
| 856 |
_uhttps://0u213t5ev-y-https-ebooks7--24-com.itmsp.museknowledge.com/visorBook.aspx?i=46821&t=D3F09568-5372-4155-AE42-0157DC3F0005 _zVéase además: NIIF esenciales. Comprensión y aplicación de los estándares. Versión digital |
||
| 942 |
_cLIB _dJUS _fTRC _2ddc |
||
| 999 |
_c22109 _d22109 |
||